[Event "Romanian-ch Women 2022"]
[Site "Eforie Nord"]
[Date "2022.02.22"]
[Round "3.3"]
[White "Ciolacu, Alessia-Mihaela"]
[Black "Hoanca, Alexia-Ioana"]
[Result "1-0"]
[WhiteElo "2239"]
[BlackElo "1710"]
[Annotator "TA"]
[PlyCount "67"]
[EventDate "2022.02.20"]
[EventType "swiss"]
[EventCountry "ROU"]
[SourceTitle "playchess.com"]
[Source "ChessBase"]
[SourceQuality "1"]

{[%evp 24,67,0,0,0,0,4,7,26,33,31,18,46,40,33,-17,162,147,369,376,376,371,377,382,370,363,372,372,411,366,511,468,727,723,794,606,1154,1110,1167,1106,29982,29982,29990,29991,29996,29997]} 1. d4 Nf6 2. c4 e6 3. Nc3 d5 4. cxd5 exd5 5. Bg5 Be7 6. e3 c6 7. Bd3 h6 8. Bh4 Nbd7 9. Nf3 O-O 10. Qc2 Re8 11. h3 Ne4 12. Bxe7 Qxe7 13. O-O Ndf6 {D36: Queen's Gambit Declined: Exchange Variation: Main line (5 Bg5 c6 6 Qc2).} 14. Ne5 Nxc3 15. bxc3 Nd7 {[#] The position is equal.} 16. f4 $146 ({Predecessor:} 16. Nf3 Nf6 17. c4 dxc4 18. Bxc4 Be6 19. Ne5 Nd7 20. Nf3 Nf6 21. Rab1 Bxc4 22. Qxc4 {½-½ (39) Kasantsev,A (1962)-Tatarintsev,M (1681) Voronezh 2018}) 16... c5 17. Rf3 c4 18. Bh7+ Kh8 19. Bf5 ({White should play} 19. Qb1 $1 $14) 19... Nf6 $2 (19... Nf8 $1 $11 {and Black has nothing to worry.}) 20. Bg6 $1 $18 Rf8 {Black cannot hold the game after this.} (20... Be6 $16) 21. Bxf7 $1 Rxf7 22. Ng6+ Kg8 {[#] Strongly threatening ...Qe4.} 23. Nxe7+ Rxe7 24. g4 Ne4 25. Kh2 {[%cal Bg1h2,Bh2g2,Bg2f1][%mdl 32]} Rb8 26. f5 {[%cal Bf4f5,Bf5f6][%mdl 32]} Ng5 27. Rf2 Rxe3 (27... Ne4 $142 28. f6 Rf7) 28. f6 {[#] Intending Qg6 and mate.} Kf7 {Inhibits Qg6+.} 29. Kg2 g6 30. Qd2 Rg3+ 31. Kf1 Rxh3 32. Qf4 {White mates.} Rh1+ 33. Kg2 Rxa1 34. Qc7+ {Weighted Error Value: White=0.22 (precise) /Black=0.96} 1-0

[Event "Romanian-ch Women 2022"]
[Site "Eforie Nord"]
[Date "2022.02.22"]
[Round "3.4"]
[White "Cosma, Elena-Luminita"]
[Black "Peptan, Corina-Isabela"]
[Result "1/2-1/2"]
[WhiteElo "2281"]
[BlackElo "2384"]
[Annotator "TA"]
[PlyCount "32"]
[EventDate "2022.02.20"]
[EventType "swiss"]
[EventCountry "ROU"]
[SourceTitle "playchess.com"]
[Source "ChessBase"]
[SourceQuality "1"]

{[%evp 18,20,15,16,2]} 1. d4 d5 2. Nf3 Nf6 3. g3 c6 4. Bg2 g6 5. O-O Bg7 6. c4 O-O 7. cxd5 cxd5 8. Ne5 Nc6 9. Nc3 Bf5 {seems to push 9...e6 aside.} 10. Bf4 Rc8 {[#] Not much happened in this game. D79: Fianchetto Grünfeld: Symmetrical Variation (6 0-0 c6 7 cxd5 cxd5).} {Predecessor:} 11. Rc1 $146 Qb6 12. Qd2 Rfd8 13. Na4 Qb5 14. Nc3 Qb6 15. Na4 Qb5 16. Nc3 Nb8 {½-½ (16) Timofeev,A (2594)-Paravyan,D (2647) Sochi 2021} 1/2-1/2

[Event "Romanian-ch Women 2022"]
[Site "Eforie Nord"]
[Date "2022.02.22"]
[Round "3.5"]
[White "Panainte, Andreea-Bianca"]
[Black "Baciu, Anca-Otilia"]
[Result "0-1"]
[WhiteElo "1865"]
[BlackElo "2014"]
[Annotator "TA"]
[PlyCount "84"]
[EventDate "2022.02.20"]
[EventType "swiss"]
[EventCountry "ROU"]
[SourceTitle "playchess.com"]
[Source "ChessBase"]
[SourceQuality "1"]

{[%evp 10,84,-18,-13,25,14,16,17,25,29,20,17,23,15,29,16,16,15,40,33,37,31,59,62,60,-33,-24,-92,-47,-117,-120,-206,-150,-198,-127,-197,-191,-166,-97,-97,-97,-100,-53,-124,-82,-99,-62,-119,-119,-119,-85,-170,-165,-463,-463,-460,-454,-432,-423,-441,-444,-482,-482,-560,-539,-766,-783,-952,-919,-1059,-1074,-1083,-1139,-1092,-1061,-884,-860]} 1. e4 c5 2. Nc3 e6 3. f4 Nc6 4. Nf3 a6 5. a4 d5 6. d3 dxe4 {B23: Closed Sicilian: Lines without g3.} 7. dxe4 Qxd1+ 8. Nxd1 Nf6 {The position is equal.} 9. Nf2 Nb4 10. Kd1 b6 11. c3 Nc6 12. Be3 {[#]} Bb7 $146 ({Predecessor:} 12... h5 13. h3 Bb7 14. Bd3 h4 15. Ke2 Nh5 16. Rhd1 Ng3+ 17. Ke1 Be7 18. Nd2 O-O-O {0-1 (38) Mattern,A-Thier,J (2068) Germany 2010}) 13. Kc2 Rc8 14. b3 h5 15. Nd2 Na5 16. Be2 Be7 17. c4 (17. h3 $14) 17... Nc6 $15 18. e5 (18. Rad1 $11 {keeps the balance.}) 18... Ng4 (18... Nb4+ $17 19. Kb2 Ng4 20. Nxg4 hxg4) 19. Bxg4 (19. Nxg4 $15 hxg4 20. Rag1 (20. Bxg4 Nb4+ 21. Kc3 Rd8 $17)) 19... hxg4 $17 20. Nde4 (20. Rhg1 $17) 20... Nb4+ 21. Kb2 (21. Kc3 $17) 21... Nd3+ (21... f5 $1 $19 22. exf6 gxf6) 22. Kc3 (22. Nxd3 $17 Bxe4 23. Nf2 Bxg2 24. Rhg1) 22... Nxf2 $19 23. Nxf2 {[#]} Bxg2 (23... f5 $1 $19 24. Rag1 Kf7) 24. Rhg1 $17 Bf3 (24... Rxh2 $2 25. Nxg4 Rh3 26. Rxg2 $18) 25. Nxg4 Rd8 ({Better is} 25... a5 $17) 26. Ra2 ({White should play} 26. Nf2 $15) 26... Kf8 (26... Be4 $142 27. Rd2 Bf5) 27. Rg3 Be4 {Black is more active. This bishop pair is nice.} 28. Rd2 {To avoid Rd3+} ({White should try} 28. a5 $1 $15) 28... Rxd2 29. Kxd2 {[%cal Oa4a5]} f5 30. Nf2 (30. exf6 $17 {might work better.} gxf6 31. h3) 30... Rxh2 $19 31. Rh3 $2 (31. a5 {is the only way for White.}) 31... Rxh3 {Black is clearly winning.} 32. Nxh3 {[%mdl 4096] Endgame [#] KBB-KBN} a5 $1 33. Nf2 Bc6 34. Nh3 Kf7 35. Ng1 Kg6 {Strongly threatening ...Kh5.} 36. Nh3 Kh5 37. Kc3 Kg4 38. Nf2+ Kf3 39. Kd2 Bh4 40. Nh3 {[#]} Be1+ $1 {[%mdl 512]} 41. Kxe1 Kxe3 42. Ng5 Bd7 {Weighted Error Value: White=0.54/Black=0.14 (very precise)} 0-1

[Event "Romanian-ch Women 2022"]
[Site "Eforie Nord"]
[Date "2022.02.22"]
[Round "3.6"]
[White "Dragomirescu, Angela"]
[Black "Trifoi, Mihaela-Ioana"]
[Result "0-1"]
[WhiteElo "2167"]
[BlackElo "1893"]
[Annotator "TA"]
[PlyCount "154"]
[EventDate "2022.02.20"]
[EventType "swiss"]
[EventCountry "ROU"]
[SourceTitle "playchess.com"]
[Source "ChessBase"]
[SourceQuality "1"]

{[%evp 13,154,8,18,11,17,0,8,-8,25,7,38,12,27,8,6,16,20,8,12,-36,-22,-67,-56,-67,-66,-66,-77,-70,0,0,0,-17,-21,-63,-59,-262,-261,-263,-263,-263,-263,-263,-263,-337,-334,-477,-267,-264,-267,-267,-267,-267,-266,-263,-203,-195,-181,-247,-238,-241,-241,-241,-234,-314,-316,-283,-273,-334,-348,-347,-343,-335,-318,-426,-404,-391,-385,-343,-338,-379,-316,-416,-446,-428,-427,-594,-604,-598,-596,-577,-535,-681,-670,-651,-652,-737,-727,-706,-664,-723,-754,-735,-731,-1208,-678,-806,-830,-854,-830,-1306,-897,-870,-848,-987,-971,-1088,-1074,-1198,-1109,-948,-1127,-1070,-1048,-1107,-985,-1783,-1331,-1832,-1828,-1737,-1659,-12842,-12842,-12839,-12839,-12846,-12844,-12843,-12843,-29993,-29994,-29994,-29995]} 1. Nf3 d5 2. g3 Nf6 3. Bg2 e6 4. c4 c6 5. b3 Be7 6. Bb2 O-O 7. O-O b6 $1 {[%mdl 4] is more profitable than 7...Nbd7 at the moment.} 8. e3 {A14: English Opening: 1...e6 with b3 by White.} a5 9. Nc3 Ba6 10. Qe2 {The position is equal.} Nbd7 {[%cal Oa5a4] [#]} (10... a4 $5) 11. Rad1 $146 ({Predecessor:} 11. Rac1 Qb8 12. d3 b5 13. Nd4 Rc8 14. cxb5 cxb5 15. e4 b4 16. Na4 Rxc1 17. Rxc1 dxe4 18. Bxe4 Nxe4 {0-1 (31) Vivas Zamora,F (2344)-Tristan,L (2535) Chess.com INT 2021}) 11... Qc8 12. Nd4 Rb8 13. a4 Nc5 14. d3 $1 e5 {[%cal Be6e5,Be5e4,Be4d3][%mdl 32]} 15. Nf3 Qc7 16. cxd5 (16. Rfe1 $11 {is superior.}) 16... e4 $15 (16... cxd5 17. Nb5 Bxb5 18. axb5 $14) 17. Nd4 (17. dxc6 $11 Bxd3 18. Rxd3 exd3 19. Qd1) 17... Bxd3 18. Rxd3 exd3 19. Qf3 cxd5 20. Nf5 Ne6 (20... Nxb3 $2 21. Nxd5 Nxd5 22. Qg4 $18) (20... Rfd8 $15 21. Rd1 Qd7) 21. Rd1 $11 Rfd8 {[%cal Of6e4]} 22. Rxd3 Bf8 {[%cal Be7f8,Bf8h6,Bh6g7][%mdl 32]} 23. h4 (23. Nxd5 $2 Nxd5 24. Rxd5 Qc2 $19) (23. Qd1 $11 {deserves consideration.}) 23... g6 24. Nh6+ {Loses the game.} Bxh6 $19 25. Qxf6 ({Not} 25. Nb5 $2 Qc2 26. Bxf6 Qxd3 $19) 25... Bg7 26. Qf3 d4 27. exd4 Nxd4 28. Qd1 Ne6 29. Bd5 (29. Nd5 $142 Rxd5 30. Bxd5 Bxb2 31. Bxe6 fxe6 32. Qe2) 29... Rbc8 (29... Bxc3 $142 30. Bxc3 {[#]} Rxd5 $1 {[%mdl 512]} 31. Rxd5 Qxc3) 30. Qe2 Nd4 ({Worse is} 30... Bxc3 31. Rxc3 Qxc3 32. Bxc3 Rxd5 33. Bb2 $11) 31. Qd1 Qc5 32. Bc4 Ne6 33. Ne4 {[#]} Rxd3 $1 34. Qxd3 Qe7 35. Bxg7 (35. Bc1 $142) 35... Kxg7 ({Weaker is} 35... Nxg7 36. Ng5 Rf8 37. Qd4 $17) 36. Qe3 Nc5 37. Qd4+ f6 {[%cal Bf7f6,Bf6e5,Be5e4][%mdl 32]} 38. Nc3 Rd8 39. Nd5 Qe1+ 40. Kh2 Qe5 41. Qxe5 fxe5 {[%mdl 4096] Endgame KRN-KBN} 42. Kg2 Rf8 43. Ne3 e4 44. Kf1 Nd3 45. f4 Nb4 46. Ke2 Rd8 47. Ng4 Nc2 48. Ne5 Nd4+ 49. Ke3 Nf5+ 50. Kxe4 Nxg3+ 51. Kf3 Nf5 52. Bd3 Nxh4+ 53. Kg4 Ng2 54. Be4 Ne3+ 55. Kf3 Nf5 56. Nc4 Nd4+ 57. Ke3 Nxb3 58. Nxb6 Rb8 59. Nd7 Rb4 60. Bc2 Nd4 61. Bd1 Ne6 62. Ne5 Rxf4 63. Bb3 {[#]} Rf5 $1 64. Nc4 (64. Ng4 h5) 64... h5 {[%cal Bh7h5,Bh5h4][%mdl 32] And now ...h4 would win.} 65. Nd6 Re5+ 66. Kf2 Nd4 67. Bc4 h4 {aiming for ...g5.} 68. Bf1 Rd5 69. Nc4 Rf5+ 70. Kg1 g5 {[%cal Bg6g5,Bg5g4,Bg4g3][%mdl 32] ...g4 is the strong threat.} 71. Bd3 Rf3 72. Be4 Rf4 73. Bd5 g4 74. Kg2 Nf5 75. Kg1 h3 {( -> ...g3)} 76. Kh2 Rf2+ 77. Kg1 g3 {Weighted Error Value: White=0.45/Black=0.17 (very precise)} 0-1

[Event "Romanian-ch Women 2022"]
[Site "Eforie Nord"]
[Date "2022.02.22"]
[Round "3.7"]
[White "Ionescu, Irina"]
[Black "Batagan, Ilinca-Petra"]
[Result "1-0"]
[WhiteElo "2131"]
[BlackElo "1881"]
[Annotator "NA RC"]
[PlyCount "95"]
[EventDate "2022.02.20"]
[EventType "swiss"]
[EventCountry "ROU"]
[SourceTitle "playchess.com"]
[Source "ChessBase"]
[SourceQuality "1"]
[TimeControl "40/5400+30:900+30"]

1. e4 {[%emt 0:00:06]} c5 {[%emt 0:00:15]} 2. g3 {[%emt 0:00:49]} d6 {[%emt 0:01:09]} 3. Bg2 {[%emt 0:00:16]} Nf6 {[%emt 0:00:26]} 4. d3 {[%emt 0:00:31]} Nc6 {[%emt 0:01:06]} 5. c3 {[%emt 0:03:09]} e6 {[%emt 0:02:43]} 6. f4 {[%emt 0:00:25]} Be7 {[%emt 0:01:24]} 7. Nf3 {[%emt 0:00:09]} a6 {[%emt 0:01:11]} 8. O-O {[%emt 0:00:25]} O-O {[%emt 0:00:38]} 9. Kh1 {[%emt 0:00:22]} Rb8 {[%emt 0:03:31]} 10. h3 {[%emt 0:05:38]} b5 {[%emt 0:03:19]} 11. g4 {[%emt 0:01:02]} Bd7 {[%emt 0:06:52]} 12. f5 {[%emt 0:02:44]} (12. Be3 $11) 12... Ne8 {[%emt 0:12:39]} (12... b4 $15) 13. Nbd2 {[%emt 0:05:59]} d5 {[%emt 0:03:33]} (13... Qc7 $11) 14. Qe1 {[%emt 0:08:20]} (14. Nb3 $142) 14... d4 {[%emt 0:04:57]} (14... dxe4 $11 15. dxe4 Qc7) 15. cxd4 {[%emt 0:10:42]} cxd4 {[%emt 0:02:40]} 16. Nb3 $1 {[%emt 0:00:34]} Qb6 {[%emt 0:04:09]} 17. Bf4 {[%emt 0:01:51]} Rc8 {[%emt 0:02:40]} 18. Qf2 {[%emt 0:04:51]} f6 {[%emt 0:08:11]} (18... exf5 $14 19. gxf5 Nf6) 19. fxe6 {[%emt 0:01:38]} ({Don't play} 19. Nbxd4 Bc5 $16) 19... Bxe6 {[%emt 0:00:04]} 20. Nfxd4 {[%emt 0:00:39]} Nxd4 {[%emt 0:04:04]} 21. Qxd4 {[%emt 0:00:42]} ({Much less strong is} 21. Nxd4 Bc5 22. Be3 Rd8 23. Nxe6 Bxe3 $14) 21... Qxd4 {[%emt 0:00:54]} 22. Nxd4 {[%emt 0:00:07]} Bf7 {[%emt 0:00:07]} 23. Rac1 {[%emt 0:04:27]} Rxc1 {[%emt 0:06:18]} 24. Rxc1 {[%emt 0:00:07]} g5 {[%emt 0:01:15]} 25. Bg3 {[%emt 0:02:26]} Bd6 {[%emt 0:01:05]} 26. Bxd6 {[%emt 0:01:40]} Nxd6 {[%emt 0:00:02]} 27. b3 {[%emt 0:04:26]} Rc8 {[%emt 0:02:51]} 28. Rc6 {[%emt 0:05:21]} Rxc6 {[%emt 0:01:57]} 29. Nxc6 {[%emt 0:00:07]} Kf8 {[%emt 0:00:31]} 30. Kg1 {[%emt 0:00:09]} Be8 {[%emt 0:02:25]} 31. Nb4 {[%emt 0:01:25]} a5 {[%emt 0:00:23]} 32. Nd5 {[%emt 0:00:04]} Kf7 {[%emt 0:00:42]} 33. Kf2 {[%emt 0:00:28]} b4 {[%emt 0:03:05]} 34. Ke3 {[%emt 0:00:45]} Nb5 {[%emt 0:00:16]} 35. d4 {[%emt 0:01:07]} Bc6 {[%emt 0:01:21]} (35... h6 {is a better defense.} 36. Bf1 Kg7) 36. Nxf6 {[%emt 0:02:20]} Kxf6 {[%emt 0:01:15]} 37. e5+ {[%emt 0:00:10]} Ke6 {[%emt 0:00:28]} 38. Bxc6 {[%emt 0:00:06]} Nc3 {[%emt 0:00:07]} 39. Be4 {[%emt 0:03:18]} h6 {[%emt 0:03:11]} 40. Kd3 {[%emt 0:00:00]} Nxa2 {[%emt 0:00:00]} 41. Kc4 {[%emt 0:02:06]} Nc3 {[%emt 0:01:55]} 42. Bf5+ {[%emt 0:00:15]} Ke7 {[%emt 0:00:08]} 43. d5 {[%emt 0:00:17]} Ne2 {[%emt 0:01:47]} 44. d6+ {[%emt 0:00:34]} Kd8 {[%emt 0:00:06]} 45. e6 {[%emt 0:00:20]} Nf4 {[%emt 0:00:06]} 46. Kb5 {[%emt 0:01:18]} Nxh3 {[%emt 0:00:23]} 47. e7+ {[%emt 0:00:13]} Ke8 {[%emt 0:00:17]} 48. Bg6+ {[%emt 0:00:22]} 1-0

[Event "Romanian-ch Women 2022"]
[Site "Eforie Nord"]
[Date "2022.02.22"]
[Round "3.8"]
[White "Matasaru, Stephanie"]
[Black "Cosman, Andreea-Marioara"]
[Result "0-1"]
[WhiteElo "1861"]
[BlackElo "2127"]
[Annotator "TA"]
[PlyCount "106"]
[EventDate "2022.02.20"]
[EventType "swiss"]
[EventCountry "ROU"]
[SourceTitle "playchess.com"]
[Source "ChessBase"]
[SourceQuality "1"]

{[%evp 17,106,21,28,27,20,20,20,22,21,26,48,58,48,34,47,42,63,57,61,27,57,60,64,12,36,0,0,0,0,0,0,-15,-18,-85,-82,-123,-126,-129,-129,-127,-139,-149,-164,-151,-151,-152,-144,-147,-155,-162,-162,-162,-162,-158,-148,-145,-159,-159,-158,-158,-156,-133,-133,-133,-132,-214,-133,-223,-170,-247,-237,-252,-252,-564,-551,-508,-501,-29975,-29977,-29975,-29977,-29977,-29978,-29978,-29979,-29981,-29980,-29980,-29981,-29980,-29968]} 1. e4 c5 2. Nf3 d6 3. d4 Nf6 4. Nc3 cxd4 5. Nxd4 a6 6. Be3 e5 7. Nb3 Be6 8. f3 h5 9. Qd2 Nbd7 10. Nd5 {10.Nd5 is better than 10.0-0-0. B90: Sicilian Najdorf: Unusual White 6th moves, 6 Be3 Ng4 and 6 Be3 e5.} Bxd5 11. exd5 g6 12. Be2 {The position is equal.} Bg7 13. O-O O-O 14. Na5 Qc7 15. c4 e4 16. f4 {[%cal Bf3f4,Bf4f5,Bf5f6][%mdl 32]} Ng4 17. Bxg4 hxg4 18. f5 Ne5 19. f6 Bh8 20. Rac1 ({White should play} 20. Bd4 $14) 20... b6 {[#]} (20... Rfe8 {with more complications.} 21. Bd4 Rab8 22. Nb3 Qd8 23. Qg5 e3) 21. Nc6 $146 (21. Nb3 {is more complex.} Qd8 22. Bg5 b5 23. Nd4 Qb6 24. Be3) ({Predecessor:} 21. Nb3 Qd8 22. Bg5 b5 23. Qd4 Nxc4 24. Qxe4 Qd7 25. Qd4 Rac8 26. Nd2 Nxd2 27. Bxd2 Rxc1 28. Bxc1 Re8 29. Bd2 Re5 30. Bc3 Rf5 {½-½ (30) Catozzi,M (2148)-Stilman,E (2267) IECC email 2009}) 21... Nxc6 22. dxc6 Qxc6 23. Rf4 Rfe8 24. Qf2 Re6 25. Qh4 (25. h4 $11 {remains equal.}) 25... d5 $17 {Black keeps a firm grip on the game.} 26. cxd5 (26. Rcf1 $142) 26... Qxd5 27. Rcf1 Qd3 28. Qg3 {[#]} Rd8 $1 29. h4 {[%cal Oh4h5]} Rdd6 {[%cal Re6f6]} 30. Rxg4 Bxf6 31. Qf2 {[#]} Qxe3 $3 {[%mdl 512]} 32. Qxe3 Bd4 33. Qxd4 ({Not} 33. Rxg6+ $2 Rxg6 34. Qxd4 Rxd4 $19) 33... Rxd4 {[%mdl 4096] Endgame KRR-KRR} 34. Rgf4 Rd7 35. Re1 e3 {[%cal Be4e3,Be3e2][%mdl 32]} 36. Kf1 Rd2 37. Re2 Rd1+ 38. Re1 e2+ 39. Kf2 Rd2 {Black is more active.} 40. Rb4 f5 41. g3 (41. a4 $17) 41... Kf7 42. Rb3 (42. a4 $17 {might work better.}) 42... Ke7 43. Ra3 (43. a4 {keeps fighting.}) 43... b5 $19 ({Stronger than} 43... Rxb2 44. Rxa6 Kd7 45. Ra8 $17) 44. b4 Rb2 45. Re3 $2 (45. Kf3) 45... Rxe3 46. Kxe3 Rxb4 47. Rxe2 {KR-KR} (47. Kf3 $19 Rb2 48. a3) 47... Re4+ {Black mates.} 48. Kd3 Rxe2 49. Kxe2 Kf6 50. Kd3 Ke5 51. Ke3 a5 52. Kd3 Kd5 53. Ke3 b4 {Weighted Error Value: White=0.33/Black=0.06 (flawless)} 0-1

[Event "Romanian-ch Women 2022"]
[Site "Eforie Nord"]
[Date "2022.02.22"]
[Round "3.9"]
[White "Didiliuc, Dariana-Gabriela"]
[Black "Marin, Irina-Luiza"]
[Result "1/2-1/2"]
[WhiteElo "1841"]
[BlackElo "2058"]
[Annotator "TA"]
[PlyCount "113"]
[EventDate "2022.02.20"]
[EventType "swiss"]
[EventCountry "ROU"]
[SourceTitle "playchess.com"]
[Source "ChessBase"]
[SourceQuality "1"]

{[%evp 11,113,10,15,-20,34,33,47,14,9,25,54,31,50,-104,-100,-104,-109,-171,36,36,46,-34,-29,-25,-13,-55,-60,-42,-46,-216,-206,-204,-201,-200,-101,-117,-108,-119,-102,-101,-39,-42,-52,-72,-80,-80,-80,-81,-90,-93,-77,-117,-117,-176,-136,-203,-200,-204,-187,-189,-126,-134,-135,-387,-371,-406,-392,-514,-510,-471,-427,-408,-403,-366,-285,-279,-241,-339,-166,-537,-379,-504,-339,-741,-703,-656,-548,-462,0,0,0,0,0,0,0,0,0,0,0,0,0,0,0,-8]} 1. d4 g6 2. c4 Bg7 3. Nc3 d6 4. e4 Nc6 5. Be3 e5 6. Nf3 Bg4 7. Ne2 {A42: Modern Defence: Averbakh Variation.} Nf6 {[#]} (7... Bxf3 $11 8. gxf3 exd4 9. Nxd4 Nge7) 8. d5 $146 ({Predecessor:} 8. Qd3 Bxf3 9. gxf3 O-O 10. O-O-O exd4 11. Nxd4 Ne5 12. Qe2 Nfd7 13. f4 Nc6 14. Nxc6 bxc6 {0-1 (61) Reid,B-Team C Vancouver 2003}) 8... Ne7 9. h3 {White is slightly better.} Bxf3 10. gxf3 Nh5 11. Qc2 O-O 12. f4 $2 (12. Ng3 $1 $14) 12... f5 $17 13. Bg2 fxe4 14. fxe5 (14. Bxe4 $17 Nxf4 15. O-O-O) 14... dxe5 $2 (14... Nf5 $19 15. O-O Bxe5 16. Qxe4 Qf6) 15. Bxe4 $14 Nf5 16. O-O-O ({Better is} 16. Bxf5 $14 Rxf5 17. O-O-O) 16... Nxe3 $15 17. fxe3 Qg5 18. Qd3 (18. Qb3 $11 {was preferrable.}) 18... Bh6 $1 19. Kd2 Nf6 {[%cal Og5e3,Bh5f6,Bf6e4,Be4d6][%mdl 32]} 20. Rdg1 $2 {[#]} (20. Nc3 $15) 20... Qxe3+ $1 $19 {[%mdl 512]} 21. Qxe3 Nxe4+ 22. Kd3 Bxe3 ({Black should try} 22... Nf2+ $19 23. Qxf2 Rxf2) 23. Kxe3 $17 Nd6 24. b3 b6 25. h4 Rf6 (25... Rf5 $17 {And now ...Raf8 would win.} 26. Ng3 Rf4) 26. h5 $1 $15 Raf8 27. Rh3 {To avoid Rf3+} Kg7 28. hxg6 Rxg6 (28... hxg6 29. Rgh1 $11) 29. Rgh1 h6 30. Ng3 a5 31. Ne4 Rf4 32. Ng3 (32. Nxd6 $17 cxd6 33. Rc1) 32... Kh7 {[%cal Og6g3] Hoping for ...Rxg3+!} 33. Ne2 {[#]} (33. Ke2 $17) 33... Nf5+ $1 $19 34. Kd2 Rg2 35. R1h2 Rxh2 (35... Rd4+ $19 36. Kc2 Rxh2 37. Rxh2 Rg4) 36. Rxh2 {[%mdl 4096] Endgame KRN-KRN} Rg4 37. Rf2 $2 {[%mdl 8192]} (37. Nc3 $17) 37... Kg6 38. Nc3 e4 {[%cal Be5e4,Be4e3][%mdl 32] aiming for ...e3+.} 39. Re2 e3+ 40. Kd3 Kg5 41. Nb5 h5 {White must now prevent ...h4.} 42. Nxc7 Rd4+ 43. Kc3 {[#] Ne6+ is the strong threat.} Rd1 $1 44. Kc2 (44. d6 $142 Rxd6 45. Nd5) 44... Ra1 (44... Rf1 $142 45. Nb5 Kg4) 45. Kd3 $2 (45. d6 Nxd6 46. Kb2) 45... Kf4 {Strongly threatening ...Kf3.} 46. Ne6+ Ke5 47. Nf8 $2 (47. Ng7 Nxg7 48. Kxe3) 47... Rd1+ 48. Kc2 Rf1 49. Kd3 Rf2 $2 ({Don't blunder} 49... Rd1+ $2 50. Kc2 Rg1 51. Kd3 $19 (51. Nd7+ $2 Ke4 $19)) (49... Rg1 $19 50. Rh2 (50. Nd7+ $2 Kf4 $19) 50... Rd1+ 51. Kc2 Rf1) 50. Rxf2 $1 $11 {The position is equal.} ({Not} 50. Nd7+ $2 Kf4 51. c5 bxc5 $19) 50... exf2 {KN-KN} 51. Ke2 b5 52. cxb5 Nd4+ 53. Kxf2 Nxb5 54. Nd7+ Kxd5 55. Nb6+ Kc5 56. Nc4 Kb4 57. Nxa5 {White happily takes the draw.  Weighted Error Value: White=0.50/Black=0.33} 1/2-1/2

[Event "Romanian-ch Women 2022"]
[Site "Eforie Nord"]
[Date "2022.02.22"]
[Round "3.10"]
[White "Obada, Ema"]
[Black "Czika, Stefania"]
[Result "1-0"]
[WhiteElo "2010"]
[BlackElo "1259"]
[Annotator "NA"]
[PlyCount "49"]
[EventDate "2022.02.20"]
[EventType "swiss"]
[EventCountry "ROU"]
[SourceTitle "playchess.com"]
[Source "ChessBase"]
[SourceQuality "1"]
[TimeControl "40/5400+30:900+30"]

1. e4 {[%emt 0:00:03]} d5 {[%emt 0:26:37]} 2. exd5 {[%emt 0:00:08]} Qxd5 {[%emt 0:00:05]} 3. Nc3 {[%emt 0:00:06]} Qd6 {[%emt 0:00:18]} 4. d4 {[%emt 0:00:20]} Nf6 {[%emt 0:00:12]} 5. Bc4 {[%emt 0:01:17]} c6 {[%emt 0:02:58]} 6. Nf3 {[%emt 0:01:39]} b5 {[%emt 0:01:48]} 7. Bb3 {[%emt 0:03:16]} Bg4 {[%emt 0:01:48]} 8. Be3 {[%emt 0:04:04]} (8. h3 $16 Bh5 9. O-O) 8... e6 {[%emt 0:02:46]} (8... a5 $11) 9. h3 {[%emt 0:01:44]} Bf5 {[%emt 0:05:52]} (9... Bh5 $14 {might be stronger.}) 10. Ne5 {[%emt 0:01:43]} Nbd7 {[%emt 0:01:58]} (10... a5 $1 $14) 11. Qf3 {[%emt 0:02:52]} Nd5 {[%emt 0:09:35]} 12. Nxc6 {[%emt 0:09:15]} Qxc6 {[%emt 0:18:59]} 13. Bxd5 {[%emt 0:01:45]} exd5 {[%emt 0:00:43]} 14. Qxf5 {[%emt 0:01:17]} Bb4 {[%emt 0:01:20]} 15. Bd2 {[%emt 0:02:16]} Bxc3 {[%emt 0:03:07]} 16. Bxc3 {[%emt 0:00:12]} ({Much worse is} 16. bxc3 O-O $11) 16... O-O {[%emt 0:00:37]} 17. O-O {[%emt 0:00:40]} Nf6 {[%emt 0:02:04]} 18. f3 {[%emt 0:04:03]} Qc4 $16 {[%emt 0:05:55]} 19. Rfd1 {[%emt 0:17:53]} Rac8 {[%emt 0:04:57]} 20. a3 {[%emt 0:01:51]} Rfe8 {[%emt 0:02:09]} 21. Re1 {[%emt 0:11:06]} h6 {[%emt 0:04:12]} 22. Re5 {[%emt 0:01:35]} Rxe5 {[%emt 0:02:54]} 23. dxe5 {[%emt 0:00:40]} Qc5+ {[%emt 0:00:12]} 24. Kh1 {[%emt 0:00:13]} d4 {[%emt 0:00:27]} 25. Bb4 {[%emt 0:02:23]} 1-0